| 000 | 014460000a22004810004500 | ||
|---|---|---|---|
| 003 | LK-CoMWRAF | ||
| 008 | 230817t ||||| |||| 00| 0 eng d | ||
| 020 | _a0907261167 | ||
| 040 |
_aLK-CoMWRAF _dLK-CoMWRAF _eLK-CoMWRAF |
||
| 041 | _aeng | ||
| 082 |
_a040 _bSAR |
||
| 100 | _aSarwar, Glulam | ||
| 245 |
_aBooks on Islam in English _b |
||
| 260 |
_bThe Muslim Educational Trust _aLondon _c1988 |
||
| 300 | _ap.73 | ||
| 650 | _aBooks for Scholl Pupils | ||
| 650 | _aCompanions of the Prophet | ||
| 650 | _aComparative Study of the Religions | ||
| 650 | _aDa'wah | ||
| 650 | _aHadith & Hadith Studies | ||
| 650 | _aHeroes of Islam | ||
| 650 | _aHistory of Islam | ||
| 650 | _aIslam: General | ||
| 650 | _aIslamic Art & Architecture | ||
| 650 | _aIslamic Culture & Tradition | ||
| 650 | _aIslamic Economics | ||
| 650 | _aIslamic Education | ||
| 650 | _aIslamic Law | ||
| 650 | _aIslamic Politics | ||
| 650 | _aMiscellaneous | ||
| 650 | _aMuslim Bookshop in the UK & overseas | ||
| 650 | _aMuslim Contribution in Various Subjects | ||
| 650 | _aMuslim Journals in English | ||
| 650 | _aOn the Qur'an | ||
| 650 | _aPublishers and Booksellers Full Names & Addresses in Alphabetical order | ||
| 650 | _aRecommended readings for School Teachers | ||
| 650 | _aReference work | ||
| 650 | _aSifism | ||
| 650 | _aTeaching Aids | ||
| 650 | _aThe Prophet Muhammad's Life | ||
| 650 | _aThe Qur'an | ||
| 942 | _cBK | ||
| 999 |
_c2041 _d2041 |
||